| 000 | 01617cam a2200421Ia 4500 | ||
|---|---|---|---|
| 001 | sjds318869973 | ||
| 003 | sjds | ||
| 005 | 20240806185414.0 | ||
| 008 | 101115r20101998nyu 000 1 eng d | ||
| 020 |
_a9780440245957 _q(pbk.) |
||
| 020 |
_a0440245958 _q(pbk.) |
||
| 040 |
_aBTCTA _beng _cBTCTA _dIUI _dOCLCF _dOCLCO _dOCLCQ _dOCLCA _dJDP _dOCLCO _dOCL _dNZMAP _dBDX _dYDXCP _dOCLCO _dTL4 _dJX9 _dOCLCO _dOCL _dJRI |
||
| 043 | _an-us-dc | ||
| 050 | 1 | 4 |
_aPS3557.R5355 _bS7 2010 |
| 082 | 0 | 4 |
_a813/.54 _222 |
| 082 | 1 | 4 |
_a[Fic] _214 |
| 092 | _aAP | ||
| 100 | 1 | _aGrisham, John. | |
| 245 | 1 | 4 |
_aThe street lawyer : _ba novel / _cJohn Grisham. |
| 250 | _a2010 Dell mass market ed. | ||
| 260 |
_aNew York : _bDell, _c2010, c1998. |
||
| 300 |
_a438 pages ; _c20 cm. |
||
| 336 |
_atext _btxt _2rdacontent. |
||
| 337 |
_aunmediated _bn _2rdamedia. |
||
| 338 |
_avolume _bnc _2rdacarrier. |
||
| 500 | _aOriginally published: New York : Doubleday, c1998. | ||
| 520 | _aAfter a violent encounter with a homeless man, talented corporate lawyer Michael finds himself out in the streets, lucky to be alive, and holding a top-secret file belonging to his former employers. | ||
| 651 | 0 |
_aWashington (D.C.) _vFiction. |
|
| 651 | 7 |
_aWashington (D.C.) _2fast _0(OCoLC)fst01204505. |
|
| 651 | 7 |
_aWashington (D.C.) _vFiction. _2sears. |
|
| 655 | 7 |
_aLegal fiction (Literature) _2fast _0(OCoLC)fst01921711. |
|
| 655 | 7 |
_aLegal stories. _2sears. |
|
| 655 | 7 |
_aFiction. _2fast _0(OCoLC)fst01423787. |
|
| 655 | 7 |
_aLegal stories. _2gsafd. |
|
| 655 | 7 |
_aLegal fiction (Literature) _2lcgft. |
|
| 655 | 7 |
_aLegal stories. _2gsafd. |
|
| 942 |
_cBK _2ddc |
||
| 999 |
_c30065 _d30063 |
||